000 01082nab a2200289 u 4500
001 09422
003 HDC
007 cr bn ---aaaaa
008 210201c2010 my dr|nes 0 a eng d
040 _aHDC
100 _aZazali Musa
_eauthor
_98510
245 0 _aMustapa: Gear up for NEM / by
_cZazali Musa
260 _aKuala Lumpur :
_bStar Publications (M) Bhd.,
_c2010
336 _atext
_2rdacontent
337 _acomputer
_2rdamedia
338 _aonline resource
_2rdacarrier
650 _aEntrepreneurship
_9209
650 _aimprove productivity
_99747
650 _aNew economic model (NEM)
_zMalaysia
_99746
650 _aSME
_99748
710 _aStar
856 _zRequest full-text at [email protected]
856 _zRequest full-text at [email protected]
942 _2lcc
942 _cNEWS
942 _kNWSC 002480
999 _c6745
_d6745